00552nam a2200181 a 450000500170000000800410001702000180005805000240007610000220010024500830012225000120020526000400021730000400025750000190029765000140031670000190033070000210034920140310183353.0121121s19uu xx 00 eng d a9780071317634 aQD 31.2b.B344 2013 aBauer, Richard C. aIntroduction to Chemistry /cRichard C. Bauer, James P. Birk, Pamela S. Marks. a3rd ed. aNew York, NY :bMcGraw-Hill,c2013. axxiv, 717 p. :bcol. ill. ;c26 cm. aIncludes index aChemistry aBirk, James P. aMarks, Pamela S.